නැට්ටුක්කාරයෝ/

Saved in:
Bibliographic Details
Main Author: වෙත්තසිංහ, සිබිල්
Format: Book
Language:English
Sinhalese
Published: කොළඹ : ඇම්.ඩී.ගුණසේන, 2011
Subjects:
Tags: Add Tag
No Tags, Be the first to tag this record!

MARC

LEADER 00000nam a22000007a 4500
003 LK-VePL
005 20220426151911.0
008 220426b |||||||| |||| 00| 0 eng d
020 |a 9789559958475 
040 |a LK-VePL  |b sin  |d LK-VePL 
041 |a sin  |h Sin 
082 |a 891.483  |b වෙත්ත 
100 |a වෙත්තසිංහ, සිබිල් 
245 |a නැට්ටුක්කාරයෝ/  |c සිබිල් වෙත්තසිංහ 
260 |a කොළඹ :  |b ඇම්.ඩී.ගුණසේන,  |c 2011 
300 |a පි.12 :  |b චිත්‍ර ;  |c සෙ.මී.20 
650 0 |a ළමා කතා 
942 |c CHBK 
999 |c 4712  |d 4712